00510nam a2200193 a 4500001001300000003000900013005001700022008004100039020002300080082001300103100002800116245003200144260003300176300000900209500003500218505001000253650002500263700002800288nice12345678IN_TiNIC20260116011256.0050524s1991 u sa grp 000 0 eng  a0800650 c10000a291bSMI aSmith, Wilfred Cantwell aMeaning and End of Religion aU S abFortress Press c1991 a340p aincludes index and biblioraphy2 aIndex aComparative Religion1 aSmith, Wilfred Cantwell